Catalog

Record Details

Catalog Search



Kampak jedou Pepa s Edou? : prázdninová etiketa pro nejmenší  Cover Image Book Book

Kampak jedou Pepa s Edou? : prázdninová etiketa pro nejmenší / Vendula Hegerová

Hegerová, Vendula, 1976- (Author, Illustrator).

Record details

  • ISBN: 978-80-262-2147-0
  • Physical Description: 20 nečíslovaných stran : barevné ilustrace ; 28 cm
  • Edition: Vydání první
  • Publisher: Praha : Portál, 2024

Content descriptions

General Note:
Kartonové listy
Subject: osobnostní a sociální výchova
personal and social education
Genre: leporela
publikace pro děti
folding picture-books
children's literature

Available copies

  • 1 of 1 copy available at Common Catalog SPOK.

Holds

  • 0 current holds with 1 total copy.
Show Only Available Copies
Location Call Number / Copy Notes Barcode Shelving Location Status Due Date
Jabok Library BL-4.1/H 424480046812 Odborná literatura Available -

LDR 01528nam a2200421 i 4500
00158174
003CZ-PrJAB
00520240704153728.0
007ta
008240415s2024 xr a a 000 1 cze
015 . ‡acnb003601189
020 . ‡a978-80-262-2147-0 ‡q(vázáno)
035 . ‡a(CZ PrNK)nkc20243601189
035 . ‡a(OCoLC)1451769396
040 . ‡aABG001 ‡bcze ‡dOLA001 ‡erda
072 7. ‡a373.2/.3 ‡xPředškolní a primární výchova a vzdělávání ‡2Konspekt ‡922
072 7. ‡a0/9-053.2 ‡xLiteratura pro děti a mládež (naučná) ‡2Konspekt ‡926
080 . ‡a37.015.31:316.42 ‡2MRF
080 . ‡a(0.025.2) ‡2MRF
080 . ‡a(0.053.2) ‡2MRF
1001 . ‡aHegerová, Vendula, ‡d1976- ‡7ola2003204967 ‡4aut ‡4ill
24510. ‡aKampak jedou Pepa s Edou? : ‡bprázdninová etiketa pro nejmenší / ‡cVendula Hegerová
250 . ‡aVydání první
264 1. ‡aPraha : ‡bPortál, ‡c2024
300 . ‡a20 nečíslovaných stran : ‡bbarevné ilustrace ; ‡c28 cm
336 . ‡atext ‡btxt ‡2rdacontent
336 . ‡astatický obraz ‡bsti ‡2rdacontent
337 . ‡abez média ‡bn ‡2rdamedia
338 . ‡asvazek ‡bnc ‡2rdacarrier
500 . ‡aKartonové listy
65007. ‡aosobnostní a sociální výchova ‡7ph351300 ‡2czenas
65009. ‡apersonal and social education ‡2eczenas
655 7. ‡aleporela ‡7fd132727 ‡2czenas
655 7. ‡apublikace pro děti ‡7fd133156 ‡2czenas
655 9. ‡afolding picture-books ‡2eczenas
655 9. ‡achildren's literature ‡2eczenas
910 . ‡aABG312
995 . ‡aska
901 . ‡a58174 ‡bAUTOGEN ‡c58174 ‡tbiblio

Additional Resources